[Event "26th WSCC 2016 Women 50+"]
[Site "Marianske Lazne, Czech Republic - Hotel Cristal"]
[Date "2016.11.19"]
[Round "1.1"]
[White "Berend, Elvira"]
[Black "Sazonova, Elena N"]
[Result "1/2-1/2"]
[WhiteElo "2349"]
[BlackElo "2113"]
[PlyCount "112"]
[EventDate "2016.11.19"]

1. d4 Nf6 2. Nf3 g6 3. Bg5 Ne4 4. Bf4 Bg7 5. e3 b6 6. Be2 Bb7 7. O-O c5 8. c3
d6 9. a4 O-O 10. Na3 Nd7 11. h3 e5 12. Bh2 Qe7 13. a5 a6 14. axb6 Nxb6 15. Qb3
Qc7 16. dxe5 dxe5 17. Rfd1 Bc6 18. Nc4 Nxc4 19. Bxc4 Rab8 20. Qc2 a5 21. Bd5
Bxd5 22. Rxd5 f5 23. Bxe5 Bxe5 24. Nxe5 Nf6 25. Qd3 Nxd5 26. Qxd5+ Kh8 27. Nc4
Rfe8 28. Qf3 Re4 29. Qe2 Ra8 30. Nd2 Ree8 31. Qc4 Red8 32. Nf3 h6 33. h4 Rab8
34. h5 gxh5 35. Qe6 Qd6 36. Qxf5 Rf8 37. Qe5+ Qf6 38. Rxa5 Rxb2 39. Rxc5 Rb1+
40. Kh2 h4 41. Qxf6+ Rxf6 42. Rc4 Rf1 43. Nd2 Rd1 44. Ne4 Ra6 45. Rd4 Rc1 46.
c4 Raa1 47. Kh3 Ra4 48. Rd8+ Kg7 49. Rd7+ Kg6 50. Kxh4 Rcxc4 51. Rd6+ Kg7 52.
Rd7+ Kg6 53. Rd6+ Kg7 54. f3 Rxe4+ 55. fxe4 Rxe4+ 56. Kh5 Re5+ 1/2-1/2

[Event "26th WSCC 2016 Women 50+"]
[Site "Marianske Lazne, Czech Republic - Hotel Cristal"]
[Date "2016.11.19"]
[Round "1.3"]
[White "Liu, Shilan"]
[Black "Schulz, Petra"]
[Result "1-0"]
[WhiteElo "2249"]
[BlackElo "2101"]
[PlyCount "115"]
[EventDate "2016.11.19"]

1. e4 e6 2. d4 d5 3. Nd2 c5 4. Ngf3 Nc6 5. exd5 exd5 6. dxc5 Bxc5 7. Bd3 Bg4 8. 0-0 Nge7 9. Nb3 Bd6 10. Bg5 f6 11. Bh4 Qc7 12. Bg3 Bxg3 13. fxg3 0-0-0 14. Qd2 h5 15. Nfd4 Ne5 16. Qf2 a6 17. a4 Bd7 18. a5 Kb8 19. Qd2 h4 20. Qf2 Nxd3 21. cxd3 Ng6 22. Rac1 hxg3 23. Qxg3 Qxg3 24. hxg3 Ne5 25. Nc5 Rh6 26. Kf2 Ng4+ 27. Ke2 Rh2 28. Rg1 Bc8 29. Kd2 Ne5 30. Kc3 Rh6 31. Rge1 Rg6 32. Re3 Rh8 33. b4 Rg4 34. Rce1 Rh2 35. Rg1 Rh6 36. Ne2 Rhg6 37. d4 Nc4 38. Re7 Nd6 39. Rh1 Nf5 40. Re8 Nd6 41. Rd8 Kc7 42. Rhh8 Rxg3+ 43. Nxg3 Rxg3+ 44. Kd2 Rxg2+ 45. Ke1 Bf5 46. Rxd6 Kxd6 47. Nxb7+ Kc7 48. Nc5 Bc8 49. Rg8 g5 50. Rg7+ Kb8 51. Rg8 f5 52. Nxa6+ Ka7 53. Nc5 Kb8 54. b5 Ra2 55. a6 Kc7 56. Rxg5 f4 57. Rg6 Kb8 58. Rf6 1-0

[Event "26th WSCC 2016 Women 50+"]
[Site "Marianske Lazne, Czech Republic - Hotel Cristal"]
[Date "2016.11.19"]
[Round "1.4"]
[White "Beltz, Martina"]
[Black "Burchardt, Brigitte"]
[Result "0-1"]
[WhiteElo "2066"]
[BlackElo "2204"]
[PlyCount "128"]
[EventDate "2016.11.19"]

1. d4 d5 2. Nf3 Nf6 3. Bg5 e6 4. e3 Be7 5. Bd3 0-0 6. Ne5 c5 7. c3 Nbd7 8. f4 Ne4 9. Bxe7 Qxe7 10. Bxe4 dxe4 11. Nd2 cxd4 12. cxd4 Nxe5 13. fxe5 f5 14. 0-0 Bd7 15. Rc1 Bb5 16. Nc4 Rad8 17. Qb3 Qd7 18. g3 g5 19. Rf2 Kh8 20. Nd6 Bc6 21. Rcf1 Bd5 22. Qd1 Qg7 23. Rg2 Qh6 24. b3 Rd7 25. Rc2 Bc6 26. Qe2 Rg7 27. g4 f4 28. exf4 gxf4 29. Rxc6 bxc6 30. Nxe4 f3 31. Rxf3 Rxg4+ 32. Ng3 Qc1+ 33. Kg2 Rxf3 34. Qxf3 Qd2+ 35. Kh3 Rf4 36. Qxc6 Rf8 37. Qxe6 Qxd4 38. Qe7 Qf2 39. e6 Qf6 40. Qd7 Qh6+ 41. Kg2 Qg6 42. e7 Re8 43. Qxa7 Qc6+ 44. Kh3 Qe6+ 45. Kg2 Rxe7 46. Qb8+ Re8 47. Qf4 Rc8 48. Qd4+ Kg8 49. Qd3 Qc6+ 50. Kh3 Rc7 51. Qd8+ Kf7 52. Qh8 Qe6+ 53. Kh4 Qh6+ 54. Kg4 Qg6+ 55. Kf4 Rc6 56. Ne4 Ke7 57. Qe5+ Kd7 58. Nc5+ Kc8 59. Qh8+ Kc7 60. b4 Rf6+ 61. Ke3 Qg5+ 62. Kd4 Qd2+ 63. Kc4 Rf4+ 64. Kb3 Qxb4+ 0-1

[Event "26th WSCC 2016 Women 50+"]
[Site "Marianske Lazne, Czech Republic - Hotel Cristal"]
[Date "2016.11.19"]
[Round "1.5"]
[White "Mednikova, Svetlana"]
[Black "Birkholz, Olga"]
[Result "1-0"]
[WhiteElo "2195"]
[BlackElo "2064"]
[PlyCount "97"]
[EventDate "2016.11.19"]

1. e4 g6 2. d4 Bg7 3. Nc3 d6 4. f4 Nc6 5. d5 Nb8 6. Be3 c5 7. Qd2 Qa5 8. Nf3 Bd7 9. Bd3 Na6 10. 0-0 0-0-0 11. a3 Bxc3 12. bxc3 Nf6 13. c4 Qa4 14. Qc3 h6 15. e5 Nh7 16. Nd2 Bf5 17. Ne4 Rhg8 18. Rab1 Qd7 19. Qb2 b6 20. a4 Bxe4 21. Bxe4 f5 22. Bd3 Nb4 23. a5 Qb7 24. axb6 axb6 25. Be2 Kc7 26. c3 Na6 27. Bd1 Nf8 28. Ba4 Nb8 29. e6 Nh7 30. Ra1 Rc8 31. Ra2 Nf6 32. Rfa1 Nxd5 33. cxd5 Qxd5 34. Bd7 Nxd7 35. Ra7+ Kd8 36. exd7 Rb8 37. Qa2 Qxa2 38. R1xa2 e6 39. c4 d5 40. cxd5 exd5 41. Rb2 d4 42. Bd2 g5 43. fxg5 hxg5 44. Rxb6 Rxb6 45. Ba5 Rgg6 46. Rb7 d3 47. Bxb6+ Rxb6 48. Rxb6 Kxd7 49. Kf2 1-0

[Event "26th WSCC 2016 Women 50+"]
[Site "Marianske Lazne, Czech Republic - Hotel Cristal"]
[Date "2016.11.19"]
[Round "1.6"]
[White "Milligan, Helen"]
[Black "Richtrova, Eliska"]
[Result "0-1"]
[WhiteElo "2053"]
[BlackElo "2188"]
[PlyCount "88"]
[EventDate "2016.11.19"]

1. e4 d6 2. d4 Nf6 3. Nc3 g6 4. Nf3 Bg7 5. Be2 O-O 6. O-O c6 7. h3 b5 8. a3 a6
9. Be3 Nbd7 10. Qd2 Bb7 11. Rad1 Qc7 12. Nh2 c5 13. f3 Rac8 14. d5 Nh5 15. g4
Ng3 16. Rf2 b4 17. Na4 Nxe2+ 18. Rxe2 a5 19. axb4 axb4 20. b3 Ba6 21. Rf2 Bb5
22. Bh6 Bxa4 23. Bxg7 Kxg7 24. bxa4 Ra8 25. Nf1 Rxa4 26. Ne3 f6 27. h4 c4 28.
h5 Qc5 29. Kg2 Ra3 30. Re1 Ne5 31. Kg3 c3 32. Qe2 Ra2 33. hxg6 hxg6 34. f4 Nf7
35. Rh2 Rg8 36. Reh1 b3 37. Rh7+ Kf8 38. Rb1 b2 39. Kf3 Ra1 40. Qd1 Qa7 41. Rh1
Rh8 42. Re1 Rh3+ 43. Kf2 Rxb1 44. Qxb1 g5 0-1

[Event "26th WSCC 2016 Women 50+"]
[Site "Marianske Lazne, Czech Republic - Hotel Cristal"]
[Date "2016.11.19"]
[Round "1.7"]
[White "Sirotkina, Nina"]
[Black "Mira, Helene"]
[Result "1-0"]
[WhiteElo "2178"]
[BlackElo "2047"]
[PlyCount "49"]
[EventDate "2016.11.19"]

1. d4 Nf6 2. Bf4 d6 3. e3 g6 4. Nf3 Nh5 5. Bg5 h6 6. Bh4 g5 7. Nfd2 Ng7 8. Bg3
Nf5 9. Bd3 Bg7 10. c3 Nxg3 11. hxg3 Nd7 12. Na3 c6 13. e4 Nf6 14. Nac4 d5 15.
exd5 Nxd5 16. Qe2 Be6 17. Ne4 b6 18. Ne5 Rc8 19. a4 a5 20. Nd2 Nf6 21. Ndc4 Nd7
22. Ng6 Rg8 23. O-O Bf8 24. Nge5 f6 25. Qh5+ 1-0

[Event "26th WSCC 2016 Women 50+"]
[Site "Marianske Lazne, Czech Republic - Hotel Cristal"]
[Date "2016.11.19"]
[Round "1.8"]
[White "Kierzek, Mira"]
[Black "Wagner-Michel, Annett"]
[Result "0-1"]
[WhiteElo "2005"]
[BlackElo "2130"]
[PlyCount "62"]
[EventDate "2016.11.19"]

1. d4 d5 2. Nf3 Nf6 3. Bf4 e6 4. e3 Bd6 5. Bg3 Ne4 6. Bd3 b6 7. Nbd2 Bb7 8. c3
Nd7 9. Qa4 O-O 10. Qc2 f5 11. Bxe4 fxe4 12. Ne5 Bxe5 13. dxe5 Qg5 14. h4 Qf5
15. f4 Qg4 16. Rh3 Nc5 17. Nf1 Ba6 18. Nh2 Qh5 19. b3 Rad8 20. Qd1 Nd3+ 21. Kd2
Qf7 22. Ng4 c5 23. Nf2 d4 24. cxd4 cxd4 25. Qg4 dxe3+ 26. Kxe3 Nxf2 27. Kxf2
Qd7 28. Kg1 Qd4+ 29. Kh2 Qxa1 30. Qxe6+ Kh8 31. f5 Bc8 0-1

[Event "26th WSCC 2016 Women 50+"]
[Site "Marianske Lazne, Czech Republic - Hotel Cristal"]
[Date "2016.11.19"]
[Round "1.9"]
[White "Bogumil, Tatiana"]
[Black "Khropova, Larisa"]
[Result "1/2-1/2"]
[WhiteElo "2124"]
[BlackElo "1981"]
[PlyCount "43"]
[EventDate "2016.11.19"]

1. e4 d6 2. d4 Nf6 3. Nc3 g6 4. Nf3 Bg7 5. Be2 O-O 6. O-O e5 7. Re1 exd4 8.
Nxd4 Nc6 9. Nb3 h6 10. f4 Re8 11. Bf3 Be6 12. Be3 Qd7 13. h3 Rad8 14. Qd2 Kh7
15. g4 Qc8 16. Nd5 Kg8 17. c4 Ne7 18. Nd4 Rf8 19. Rad1 a6 20. b3 Bd7 21. Qf2
Rde8 22. Kh2 1/2-1/2

[Event "26th WSCC 2016 Women 50+"]
[Site "Marianske Lazne, Czech Republic - Hotel Cristal"]
[Date "2016.11.19"]
[Round "1.10"]
[White "Bazantova, Marie"]
[Black "Ankudinova, Yelena"]
[Result "0-1"]
[WhiteElo "1936"]
[BlackElo "2122"]
[PlyCount "84"]
[EventDate "2016.11.19"]

1. e4 c6 2. d4 d5 3. exd5 cxd5 4. c4 Nf6 5. Nc3 Nc6 6. Nf3 e6 7. Bd3 dxc4 8.
Bxc4 Bb4 9. O-O O-O 10. Bg5 Qa5 11. Bxf6 gxf6 12. Qb3 Bxc3 13. bxc3 Qc7 14. Bd3
Rd8 15. Rad1 b6 16. Bb1 Bb7 17. Qc2 f5 18. Qd2 Ne7 19. Qg5+ Ng6 20. Ne5 Qe7 21.
Qg3 Rac8 22. Rfe1 Qf6 23. f4 Qh4 24. Nxg6 Qxg3 25. hxg3 hxg6 26. Rc1 Rc7 27.
Kf2 Rdc8 28. Re3 Rc4 29. Rd3 Be4 30. Re3 Bxb1 31. Rxb1 Rxc3 32. Re2 Rd3 33. Rb3
Rxd4 34. Ra3 Rc7 35. Rb2 Kg7 36. Ke3 Re4+ 37. Kf3 Rec4 38. Rbb3 g5 39. fxg5 Kg6
40. Re3 Kxg5 41. Rad3 Rc2 42. a3 Ra2 0-1

[Event "26th WSCC 2016 Women 50+"]
[Site "Marianske Lazne, Czech Republic - Hotel Cristal"]
[Date "2016.11.19"]
[Round "1.11"]
[White "Makropoulou, Marina"]
[Black "Ovlyakuliyeva, Guldjahan"]
[Result "1-0"]
[WhiteElo "2119"]
[BlackElo "1884"]
[PlyCount "61"]
[EventDate "2016.11.19"]

1. e4 c5 2. Nf3 d6 3. d4 cxd4 4. Nxd4 Nf6 5. Nc3 g6 6. Be3 Bg7 7. f3 Nc6 8. Qd2
Bd7 9. g4 a6 10. h4 h5 11. g5 Nh7 12. f4 Rc8 13. Nxc6 Rxc6 14. Bd4 Bxd4 15.
Qxd4 O-O 16. O-O-O Qa5 17. Nd5 Re8 18. Kb1 Nf8 19. Qd2 Qc5 20. Bd3 Be6 21. Ne3
b5 22. Rhe1 Nd7 23. e5 dxe5 24. f5 e4 25. fxe6 exd3 26. exd7 dxc2+ 27. Qxc2 Rd8
28. Qxc5 Rxc5 29. Nd5 e6 30. Nf6+ Kf8 31. Rc1 1-0

[Event "26th WSCC 2016 Women 50+"]
[Site "Marianske Lazne, Czech Republic - Hotel Cristal"]
[Date "2016.11.19"]
[Round "1.12"]
[White "Baliuniene, Margarita"]
[Black "Kasoshvili, Tsiala"]
[Result "0-1"]
[WhiteElo "1877"]
[BlackElo "2117"]
[PlyCount "102"]
[EventDate "2016.11.19"]

1. d4 g6 2. c4 Bg7 3. Nf3 d6 4. e4 Nf6 5. Nc3 O-O 6. Be2 c6 7. O-O a6 8. a4 a5
9. Ne1 Nfd7 10. Be3 Na6 11. Nd3 e5 12. dxe5 dxe5 13. Qd2 Qe7 14. Bh6 Ndc5 15.
Bxg7 Kxg7 16. Qe3 Nxd3 17. Bxd3 Be6 18. Qg3 f6 19. b3 Rad8 20. Rad1 Qa3 21. Bc2
Qb2 22. Rxd8 Rxd8 23. Bd1 Nc5 24. Be2 Nxe4 25. Nxe4 Qxe2 26. Qf3 Qxf3 27. gxf3
Bh3 28. Rc1 Rd3 29. Nc5 Rxf3 30. Nxb7 Rxb3 31. Nxa5 Rb6 32. c5 Ra6 33. Nb7 Rxa4
34. Nd8 Rd4 35. Nb7 Kf7 36. f3 Rd2 37. Nd6+ Ke6 38. Ne4 Rg2+ 39. Kf1 Rb2+ 40.
Kg1 Bg2 41. Rd1 Bxf3 42. Rd6+ Kf5 43. Nxf6 h5 44. Nd7 e4 45. Rf6+ Kg5 46. Rxc6
e3 47. Rxg6+ Kxg6 48. Ne5+ Kf5 49. Nxf3 Ke4 50. Ne1 Rb1 51. Kf1 Rc1 0-1

[Event "26th WSCC 2016 Women 50+"]
[Site "Marianske Lazne, Czech Republic - Hotel Cristal"]
[Date "2016.11.20"]
[Round "2.1"]
[White "Wagner-Michel, Annett"]
[Black "Liu, Shilan"]
[Result "1-0"]
[WhiteElo "2130"]
[BlackElo "2249"]
[PlyCount "93"]
[EventDate "2016.11.19"]

1. e4 c5 2. Nf3 d6 3. Bb5+ Bd7 4. Bxd7+ Qxd7 5. O-O Nc6 6. d4 cxd4 7. Nxd4 Nf6
8. Nc3 g6 9. f3 Bg7 10. Be3 O-O 11. Qd2 Rfc8 12. Rad1 Nxd4 13. Bxd4 b5 14. Rf2
e6 15. Qg5 h6 16. Qxb5 Qe7 17. Qa6 Ne8 18. Rfd2 Bxd4+ 19. Rxd4 Rab8 20. R1d2
Rc5 21. Nd1 Qc7 22. Qe2 Qb6 23. Qf2 Rbc8 24. c3 h5 25. Ne3 R5c6 26. Rb4 Qc7 27.
Nc2 a5 28. Rb5 Nf6 29. Qd4 Nd7 30. Ne3 Ra8 31. Nc2 Nc5 32. g3 e5 33. Qd5 Ne6
34. Kg2 Raa6 35. Qb3 Qe7 36. Ne3 Qg5 37. Kf2 h4 38. Rd1 Kg7 39. Rg1 Nc5 40. Qd5
h3 41. Rb8 Rc7 42. f4 Qe7 43. f5 Nd7 44. fxg6 Qe6 45. Nf5+ Kxg6 46. Qd2 Kh7 47.
Qg5 1-0

[Event "26th WSCC 2016 Women 50+"]
[Site "Marianske Lazne, Czech Republic - Hotel Cristal"]
[Date "2016.11.20"]
[Round "2.2"]
[White "Burchardt, Brigitte"]
[Black "Makropoulou, Marina"]
[Result "0-1"]
[WhiteElo "2204"]
[BlackElo "2119"]
[PlyCount "104"]
[EventDate "2016.11.19"]

1. e4 c5 2. Nc3 Nc6 3. g3 g6 4. Bg2 Bg7 5. d3 d6 6. Nf3 e5 7. Nd5 h6 8. Be3
Nge7 9. Nxe7 Nxe7 10. Qd2 Be6 11. c3 Rc8 12. d4 Qa5 13. d5 Bd7 14. O-O f5 15.
Nh4 f4 16. gxf4 exf4 17. Bxf4 g5 18. Bxg5 hxg5 19. Qxg5 Kf7 20. Qf4+ Bf6 21.
Nf3 Qc7 22. Ng5+ Kg7 23. Qg3 Ng6 24. f4 Bxg5 25. fxg5 Rcf8 26. Rxf8 Rxf8 27.
Rf1 Rxf1+ 28. Bxf1 Bc8 29. Bh3 Bxh3 30. Qxh3 Qf7 31. Qh6+ Kg8 32. Qh3 Ne5 33.
Qc8+ Kg7 34. Qd8 Qf4 35. Qe7+ Nf7 36. Qxb7 Qxg5+ 37. Kf2 Qf4+ 38. Kg1 Qe3+ 39.
Kf1 Qf3+ 40. Kg1 Qxe4 41. Qxa7 Qb1+ 42. Kf2 Qxb2+ 43. Kg1 Qc1+ 44. Kf2 Qd2+ 45.
Kg1 Qxc3 46. a4 Qd4+ 47. Kf1 Qd3+ 48. Kf2 Qd2+ 49. Kg1 c4 50. Qd7 c3 51. h4
Qd1+ 52. Kf2 c2 0-1

[Event "26th WSCC 2016 Women 50+"]
[Site "Marianske Lazne, Czech Republic - Hotel Cristal"]
[Date "2016.11.20"]
[Round "2.3"]
[White "Ankudinova, Yelena"]
[Black "Mednikova, Svetlana"]
[Result "1-0"]
[WhiteElo "2122"]
[BlackElo "2195"]
[PlyCount "55"]
[EventDate "2016.11.19"]

1. Nf3 d5 2. c4 dxc4 3. Na3 c5 4. Nxc4 Nc6 5. g3 f6 6. Bg2 e5 7. O-O Nh6 8. Ne1
Qc7 9. b3 Be6 10. Bb2 Be7 11. Rc1 O-O 12. f4 exf4 13. Rxf4 Rad8 14. Ne3 b6 15.
d4 Nb4 16. d5 Nxa2 17. Rc2 a5 18. Qa1 Nb4 19. Rxb4 axb4 20. dxe6 Qd6 21. Bd5
Rfe8 22. Rd2 Qc7 23. N1g2 Kf8 24. Nf4 Rb8 25. Nh5 Ng8 26. Nf5 g6 27. Nxe7 Kxe7
28. Bxf6+ 1-0

[Event "26th WSCC 2016 Women 50+"]
[Site "Marianske Lazne, Czech Republic - Hotel Cristal"]
[Date "2016.11.20"]
[Round "2.4"]
[White "Richtrova, Eliska"]
[Black "Korinkova, Eva"]
[Result "1-0"]
[WhiteElo "2188"]
[BlackElo "1792"]
[PlyCount "59"]
[EventDate "2016.11.19"]

1. c4 e5 2. Nc3 Nc6 3. g3 f5 4. Bg2 Nf6 5. d3 Bb4 6. Bd2 d6 7. a3 Ba5 8. e3 O-O
9. Nge2 Ne7 10. Nd5 Bxd2+ 11. Qxd2 c6 12. Nxf6+ Rxf6 13. f4 Be6 14. O-O Qc7 15.
Qc3 Qb6 16. c5 dxc5 17. fxe5 Rh6 18. Nf4 Bf7 19. Rac1 g5 20. Nh3 Bd5 21. Nxg5
Bxg2 22. Kxg2 Nd5 23. Qd2 Rf8 24. e4 Ne7 25. Rf2 Rg6 26. exf5 Nxf5 27. Rcf1 h6
28. Ne4 Nh4+ 29. Kh1 Rxf2 30. Qxf2 1-0

[Event "26th WSCC 2016 Women 50+"]
[Site "Marianske Lazne, Czech Republic - Hotel Cristal"]
[Date "2016.11.20"]
[Round "2.5"]
[White "Kasoshvili, Tsiala"]
[Black "Sirotkina, Nina"]
[Result "1-0"]
[WhiteElo "2117"]
[BlackElo "2178"]
[PlyCount "93"]
[EventDate "2016.11.19"]

1. c4 e5 2. Nc3 Nf6 3. e4 c5 4. g3 d6 5. h3 Nc6 6. Bg2 Be7 7. Nge2 O-O 8. O-O
Nd4 9. d3 a6 10. a3 b5 11. b4 bxc4 12. dxc4 Rb8 13. Rb1 Bd7 14. Qd3 Qc7 15. Be3
Rfc8 16. bxc5 dxc5 17. f4 Bd6 18. fxe5 Nxe2+ 19. Nxe2 Bxe5 20. Nf4 Ba4 21. Qd2
h6 22. g4 Bc6 23. Nd5 Bxd5 24. exd5 Ne8 25. Qc2 Nd6 26. Kh1 Re8 27. Qf2 Nxc4
28. Bxc5 Bd6 29. Bxd6 Nxd6 30. Rbc1 Qa5 31. Qg3 Rb2 32. Qxd6 Qd2 33. Rg1 Re2
34. Rc8+ Kh7 35. Qg3 Re3 36. Qc7 Qxd5 37. Kh2 Ree2 38. Qg3 Qd2 39. Rc3 Qd4 40.
Qd3+ Qxd3 41. Rxd3 h5 42. gxh5 Re5 43. Rf1 f6 44. Rfd1 Rxh5 45. R1d2 Rb8 46.
Rd5 f5 47. Rd6 1-0

[Event "26th WSCC 2016 Women 50+"]
[Site "Marianske Lazne, Czech Republic - Hotel Cristal"]
[Date "2016.11.20"]
[Round "2.6"]
[White "Khropova, Larisa"]
[Black "Berend, Elvira"]
[Result "0-1"]
[WhiteElo "1981"]
[BlackElo "2349"]
[PlyCount "68"]
[EventDate "2016.11.19"]

1. d4 Nf6 2. c4 d6 3. Nc3 e5 4. dxe5 dxe5 5. Qxd8+ Kxd8 6. Bg5 c6 7. O-O-O+ Kc7
8. Nf3 Nbd7 9. a3 a5 10. Bh4 Bd6 11. Ng5 Rf8 12. Nge4 Be7 13. Nxf6 Bxf6 14.
Bxf6 Nxf6 15. h3 Be6 16. e3 a4 17. Be2 Nd7 18. Ne4 h6 19. Nd2 Nc5 20. f3 f5 21.
g4 f4 22. exf4 Rxf4 23. Kc2 Bf7 24. Kc3 Bg6 25. Rhe1 Raf8 26. b4 axb3 27. Nxb3
Rxf3+ 28. Bxf3 Rxf3+ 29. Kb2 Rxb3+ 30. Ka2 Rxh3 31. Rd2 e4 32. Rde2 Bf7 33. Rc2
b5 34. Kb2 Nd3+ 0-1

[Event "26th WSCC 2016 Women 50+"]
[Site "Marianske Lazne, Czech Republic - Hotel Cristal"]
[Date "2016.11.20"]
[Round "2.7"]
[White "Strutinskaia, Galina"]
[Black "Bogumil, Tatiana"]
[Result "1-0"]
[WhiteElo "2266"]
[BlackElo "2124"]
[PlyCount "79"]
[EventDate "2016.11.19"]

1. c4 Nf6 2. Nc3 g6 3. d4 Bg7 4. e4 d6 5. f4 O-O 6. Nf3 c5 7. dxc5 Qa5 8. Bd3
Qxc5 9. Qe2 Nc6 10. Be3 Qa5 11. O-O Ng4 12. Bd2 Nd4 13. Nxd4 Bxd4+ 14. Kh1 Qh5
15. g3 Nf6 16. Qxh5 gxh5 17. f5 Ng4 18. Be2 Kg7 19. h3 Nf6 20. Bf3 Bd7 21. b3
Bc6 22. Rae1 Be5 23. Nd5 Bxd5 24. exd5 h6 25. Bg2 b6 26. Bf4 Nd7 27. Re4 f6 28.
Bf3 a5 29. Bxh5 Rac8 30. Be3 Rh8 31. Rg4+ Kf8 32. Rg6 Nc5 33. Bxh6+ Ke8 34. Bf3
Kd7 35. Kg2 Nd3 36. Be2 Nc5 37. Bf3 Nd3 38. h4 a4 39. Be2 axb3 40. axb3 1-0

[Event "26th WSCC 2016 Women 50+"]
[Site "Marianske Lazne, Czech Republic - Hotel Cristal"]
[Date "2016.11.20"]
[Round "2.8"]
[White "Sazonova, Elena N"]
[Black "Ivanova, Tatiana"]
[Result "1/2-1/2"]
[WhiteElo "2113"]
[BlackElo "2108"]
[PlyCount "94"]
[EventDate "2016.11.19"]

1. e4 d5 2. exd5 Qxd5 3. Nc3 Qd6 4. d4 Nf6 5. Nf3 c6 6. g3 Bg4 7. Bg2 Nbd7 8.
O-O e6 9. h3 Bh5 10. Bf4 Qb4 11. Rb1 Be7 12. g4 Bg6 13. a3 Qb6 14. Re1 Nd5 15.
Bg3 O-O 16. Nh4 Bxh4 17. Bxh4 Rfe8 18. Bg3 N7f6 19. Na4 Qd8 20. Nc5 Qe7 21. Nd3
Nd7 22. c4 N5b6 23. Rc1 Qf6 24. Nf4 Rad8 25. Nxg6 hxg6 26. Bc7 Rc8 27. Be5 Nxe5
28. dxe5 Qg5 29. Qb3 Rcd8 30. c5 Nd5 31. Qxb7 Nf4 32. Rcd1 Nd3 33. Rf1 Nxc5 34.
Qxa7 Qxe5 35. Bxc6 Rf8 36. b4 Nd3 37. Qe3 Qc7 38. b5 Nf4 39. a4 g5 40. Bg2 Qc2
41. Rxd8 Rxd8 42. Qb6 Rd3 43. Qb8+ Kh7 44. Be4+ f5 45. gxf5 Ne2+ 46. Kg2 Nf4+
47. Kg1 Ne2+ 1/2-1/2

[Event "26th WSCC 2016 Women 50+"]
[Site "Marianske Lazne, Czech Republic - Hotel Cristal"]
[Date "2016.11.20"]
[Round "2.9"]
[White "Schulz, Petra"]
[Black "Kierzek, Mira"]
[Result "1-0"]
[WhiteElo "2101"]
[BlackElo "2005"]
[PlyCount "93"]
[EventDate "2016.11.19"]

1. e4 c6 2. d4 d5 3. Nc3 dxe4 4. Nxe4 Nd7 5. Ng5 Ngf6 6. Bd3 h6 7. Ne6 Qb6 8.
Nxf8 Nxf8 9. c3 Bg4 10. Nf3 Qc7 11. h3 Bh5 12. Be2 N8d7 13. Qb3 e6 14. Qa3 a6
15. c4 c5 16. dxc5 Qxc5 17. Qb3 Qc7 18. Be3 O-O 19. g4 Bg6 20. Nh4 Be4 21. f3
Bh7 22. Kf2 Nc5 23. Bxc5 Qxc5+ 24. Qe3 Qxe3+ 25. Kxe3 Rad8 26. Rad1 Bc2 27. Rd2
Rxd2 28. Kxd2 Ba4 29. Kc3 Rd8 30. Ng2 Bc6 31. Ne3 Kf8 32. Nc2 e5 33. Ne3 g6 34.
Ra1 Ke7 35. b4 b6 36. a4 Bb7 37. a5 Rd6 38. axb6 Rxb6 39. c5 Rc6 40. Bc4 Rc7
41. Bxa6 Bxf3 42. Bc4 Ne4+ 43. Kc2 Nf6 44. Rf1 Bc6 45. Kb3 Rb7 46. h4 Ke8 47.
Rxf6 1-0

[Event "26th WSCC 2016 Women 50+"]
[Site "Marianske Lazne, Czech Republic - Hotel Cristal"]
[Date "2016.11.20"]
[Round "2.10"]
[White "Mira, Helene"]
[Black "Beltz, Martina"]
[Result "1-0"]
[WhiteElo "2047"]
[BlackElo "2066"]
[PlyCount "77"]
[EventDate "2016.11.19"]

1. Nf3 d5 2. d4 Nc6 3. Bf4 Bg4 4. Nbd2 e6 5. h3 Bh5 6. g4 Bg6 7. c3 Bd6 8. Bxd6
Qxd6 9. Nh4 Nge7 10. Bg2 h5 11. Nxg6 Nxg6 12. e3 Nh4 13. Bf1 g6 14. Qe2 O-O-O
15. O-O-O f5 16. gxf5 Nxf5 17. Rg1 e5 18. Nf3 e4 19. Ng5 Qe7 20. c4 h4 21. cxd5
Nb4 22. Kb1 Rxd5 23. Qg4 Re8 24. Bc4 Ra5 25. Bf7 Rf8 26. Bxg6 Kb8 27. Qxe4 Qd7
28. Bxf5 Raxf5 29. Ne6 Qe8 30. d5 a5 31. f4 R8f6 32. Qd4 b6 33. e4 Rxf4 34.
Nxf4 Rxf4 35. Rde1 Qd7 36. a3 Na6 37. Qe5 Rf8 38. d6 Qxh3 39. d7 1-0

[Event "26th WSCC 2016 Women 50+"]
[Site "Marianske Lazne, Czech Republic - Hotel Cristal"]
[Date "2016.11.20"]
[Round "2.11"]
[White "Birkholz, Olga"]
[Black "Bazantova, Marie"]
[Result "1-0"]
[WhiteElo "2064"]
[BlackElo "1936"]
[PlyCount "109"]
[EventDate "2016.11.19"]

1. Nf3 Nf6 2. g3 e6 3. Bg2 d5 4. O-O Bd6 5. c4 O-O 6. Qc2 c5 7. d4 Na6 8. a3
cxd4 9. Nxd4 dxc4 10. Nb5 Bc5 11. Qxc4 e5 12. N1c3 Be6 13. Qa4 Qb6 14. h3 Bd7
15. Qb3 Rab8 16. a4 Nb4 17. Bg5 Be6 18. Qd1 Rfd8 19. Qc1 Be7 20. a5 Qa6 21. Nc7
Qc4 22. Nxe6 Qxe6 23. Be3 a6 24. Rd1 Nc6 25. Bb6 Rxd1+ 26. Qxd1 h6 27. Kh2 Nd7
28. Bd5 Qf6 29. Bxf7+ Qxf7 30. Qxd7 Bb4 31. Qd5 Re8 32. Kg2 Re7 33. Qxf7+ Rxf7
34. Nd5 Rd7 35. e4 Bf8 36. Rc1 Kf7 37. Rc3 Be7 38. Rb3 Bd8 39. Bxd8 Nxd8 40.
Rc3 Nc6 41. b4 Ke6 42. f4 g6 43. Kf3 Rf7 44. Ke3 h5 45. h4 Kd6 46. Rc5 exf4+
47. Nxf4 Nxb4 48. Rg5 Nc6 49. Nxg6 Rg7 50. e5+ Ke6 51. Nf4+ Kf7 52. e6+ Kg8 53.
Nd5 Rxg5 54. hxg5 Kg7 55. e7 1-0

[Event "26th WSCC 2016 Women 50+"]
[Site "Marianske Lazne, Czech Republic - Hotel Cristal"]
[Date "2016.11.20"]
[Round "2.12"]
[White "Ovlyakuliyeva, Guldjahan"]
[Black "Milligan, Helen"]
[Result "1/2-1/2"]
[WhiteElo "1884"]
[BlackElo "2053"]
[PlyCount "65"]
[EventDate "2016.11.19"]

1. d4 Nf6 2. c4 g6 3. Nc3 Bg7 4. e4 d6 5. f3 O-O 6. Bg5 h6 7. Be3 c6 8. Qd2 Kh7
9. h4 e5 10. d5 cxd5 11. cxd5 Nh5 12. g4 Nf4 13. Nge2 Nxe2 14. Bxe2 a6 15. h5
g5 16. O-O Nd7 17. a4 b6 18. b4 Bb7 19. Ra2 Bf6 20. Rc1 Qe7 21. Rac2 Rfc8 22.
Na2 Qd8 23. Rc3 Rxc3 24. Rxc3 Rc8 25. Qc2 Kg7 26. Nc1 Rxc3 27. Qxc3 Qc8 28.
Qxc8 Bxc8 29. Nb3 Bd8 30. Nd2 Kf6 31. Nc4 Bc7 32. Bf2 Ke7 33. Ne3 1/2-1/2

[Event "26th WSCC 2016 Women 50+"]
[Site "Marianske Lazne, Czech Republic - Hotel Cristal"]
[Date "2016.11.21"]
[Round "3.1"]
[White "Ankudinova, Yelena"]
[Black "Richtrova, Eliska"]
[Result "1-0"]
[WhiteElo "2122"]
[BlackElo "2188"]
[PlyCount "131"]
[EventDate "2016.11.19"]

1. c4 e5 2. Nc3 Nc6 3. g3 g6 4. Bg2 Bg7 5. d3 f5 6. Nf3 Nf6 7. O-O O-O 8. Rb1
d6 9. b4 h6 10. b5 Ne7 11. c5 Be6 12. Ba3 g5 13. Qa4 Rf7 14. cxd6 cxd6 15. Qb4
Nc8 16. Rfc1 g4 17. Nd2 d5 18. Na4 Nb6 19. Nc5 Bc8 20. d4 e4 21. Bb2 f4 22.
gxf4 Nh5 23. e3 Bf8 24. Qb3 Bd6 25. a4 Bxf4 26. exf4 Nxf4 27. Qe3 Qh4 28. a5
Nd7 29. Ncxe4 dxe4 30. Nxe4 Nh3+ 31. Bxh3 gxh3 32. d5 Rf4 33. Ng3 Nf8 34. Rc7
Bd7 35. Rxb7 Re8 36. Qc3 Qg5 37. Rxa7 Re2 38. Rf1 Re7 39. d6 Rh7 40. Rd1 Qxb5
41. Bc1 Rc4 42. Qe3 Qc6 43. f3 Qa4 44. Re1 Qc2 45. Qd2 Rf7 46. Rc7 Rxc7 47.
dxc7 Qxc7 48. Qxh6 Qxa5 49. Bd2 Qd5 50. Bc3 Qc5+ 51. Re3 Rh7 52. Qf4 Ne6 53.
Qe5 Qb6 54. Nf5 Qb1+ 55. Kf2 Qa2+ 56. Re2 Qa7+ 57. Kf1 Qb7 58. Qg3+ Kf8 59. Qg4
Qb1+ 60. Kf2 Nc5 61. Bg7+ Kg8 62. Bd4+ Kf7 63. Re7+ Kf8 64. Rxh7 Nd3+ 65. Kg3
Qb8+ 66. f4 1-0